| 000 | 00518nam a2200181Ia 4500 | ||
|---|---|---|---|
| 999 |
_c14654 _d14654 |
||
| 003 | OSt | ||
| 005 | 20260324133254.0 | ||
| 008 | 190216s9999||||xx |||||||||||||| ||und|| | ||
| 020 | _a9780141439846 | ||
| 040 | _coclc | ||
| 082 |
_a823.8 _bSTO/D |
||
| 100 | 1 |
_aStoker, Bram, _d1847-1912 _xCharacters _98465 |
|
| 245 | 0 |
_aDracula / _cBram Stoker |
|
| 260 |
_bPenguin Books, _c2010. _aLondon: |
||
| 300 | _a455p | ||
| 650 | _aEnglish-Fiction English | ||
| 942 |
_cBK _2ddc _h823.8 _iSTO/D _k823.8 _mSTO/D |
||